000 00873caa a22002417a 4500
999 _c410860
_d410860
001 123675
003 UA-OsUOA
005 20200112133805.0
007 ta
008 20170706b un ||||| |||| 00| 0 ukr d
040 _aUA-OsUOA
_bukr
_cUA-OsUOA
_dUA-OsUOA
041 _aukr
080 _a908
090 _a908
_bЗ-13
100 _aЗавадська О.
245 _aДіяльність музеїв на території Волинського воєводства в 1918–1939 рр.
_cО. Завадська
300 _aС. 231–243
650 7 _a908 Краєзнавство
_2UDC
773 0 _0329280
_9352298
_dОстрог Острозька академія 2006
_o101093
_tНаукові записки
_w(UA-OsUOA) 43148
_z966-7631-62-1
942 _cBKA
_2udc
955 _a1